Brand desire:How to Create Consumer Involement and Inspiration (Record no. 14846)

MARC details
000 -LEADER
fixed length control field 00345nam a2200133Ia 4500
008 - FIXED-LENGTH DATA ELEMENTS--GENERAL INFORMATION
fixed length control field 230312s9999||||xx |||||||||||||| ||und||
020 ## - INTERNATIONAL STANDARD BOOK NUMBER
International Standard Book Number 978-04729-3623-
082 ## - DEWEY DECIMAL CLASSIFICATION NUMBER
Classification number 658.827
Item number IND-B
100 ## - MAIN ENTRY--PERSONAL NAME
Personal name Ind;Nicholas
245 #0 - TITLE STATEMENT
Title Brand desire:How to Create Consumer Involement and Inspiration
300 ## - PHYSICAL DESCRIPTION
Extent 183
650 ## - SUBJECT ADDED ENTRY--TOPICAL TERM
Topical term or geographic name entry element Management
942 ## - ADDED ENTRY ELEMENTS (KOHA)
Koha item type BOOK
Holdings
Withdrawn status Lost status Damaged status Not for loan Home library Current library Date acquired Total Checkouts Full call number Barcode Date last seen Price effective from Koha item type
        Superior Information Resource Center (SIRC) Superior University- Main Campus Superior Information Resource Center (SIRC) Superior University- Main Campus 03/13/2023   658.827 IND-B 14989 03/13/2023 03/13/2023 BOOK

Powered by Koha